Welcome to the Holygrace Academy Library

Please use search bar below to get started

MACBETH (Record no. 2662)

MARC details
000 -LEADER
fixed length control field 00280nam a22001337a 4500
020 ## - INTERNATIONAL STANDARD BOOK NUMBER
ISBN 1-84234-015-8
082 ## - DEWEY DECIMAL CLASSIFICATION NUMBER
Classification number 823
Item number MUL/M
100 ## - MAIN ENTRY--AUTHOR NAME
Personal name MULHERIN, JENNIFER
245 ## - TITLE STATEMENT
Title MACBETH
260 ## - PUBLICATION, DISTRIBUTION, ETC. (IMPRINT)
Place of publication SLOUGH
Name of publisher A S PUBLISHING
300 ## - PHYSICAL DESCRIPTION
Number of Pages 32
650 ## - SUBJECT ADDED ENTRY--TOPICAL TERM
Topical Term ENGLISH STORY
Geographic subdivision UK
942 ## - ADDED ENTRY ELEMENTS (KOHA)
Koha item type Books
Holdings
Withdrawn status Lost status Collection code Home library Current library Shelving location Date acquired Source of acquisition Cost, normal purchase price Full call number Accession Number Koha item type
    Fiction Main Library Main Library SHELF 3- D- ENGLISH CHILDRENS LITERATURE &MYTHOLOGY 02/04/2007 PURCHASE 199.00 823 MUL/M 00495 Books